000 00495nam a22001937a 4500
003 LK-CoMWRAF
005 20231118232235.0
008 231118b |||||||| |||| 00| 0 eng d
020 _a9552044324
040 _aLK-CoMWRAF
_dLK-CoMWRAF
_eLK-CoMWRAF
041 _aeng
082 _a823
_bSAN
100 _aSanthan, Ayathurai
245 _aIn their own worlds
260 _aColombo :
_bGodage brothers,
_c2001
300 _a80p. ; 21cm
650 _aChildren stories--Sri Lankan
942 _cBK
999 _c4142
_d4142